Statistics for Formula 1 Constructors' Champions by year

Click here to take the quiz!

General Stats

  • This quiz has been taken 615 times
    (161 since last reset)
  • The average score is 48 of 66

Answer Stats

HintAnswer% Correct
2023Red Bull
87%
2008Ferrari
86%
2002Ferrari
86%
2004Ferrari
86%
2007Ferrari
86%
2009Brawn
85%
2000Ferrari
85%
2003Ferrari
85%
2001Ferrari
85%
2013Red Bull
85%
2012Red Bull
85%
2011Red Bull
85%
2010Red Bull
85%
2022Red Bull
85%
2006Renault
85%
2005Renault
85%
1999Ferrari
84%
2016Mercedes
84%
2015Mercedes
84%
2014Mercedes
84%
2021Mercedes
84%
2018Mercedes
82%
2017Mercedes
82%
2020Mercedes
82%
2019Mercedes
82%
1998McLaren
78%
1992Williams
78%
1994Williams
78%
1993Williams
78%
1997Williams
77%
1991McLaren
76%
1996Williams
76%
1995Benetton
75%
1990McLaren
75%
1989McLaren
73%
1988McLaren
71%
1961Ferrari
68%
1985McLaren
68%
1984McLaren
68%
1958Vanwall
68%
1975Ferrari
67%
1986Williams
67%
1987Williams
67%
1959Cooper
66%
1977Ferrari
65%
1976Ferrari
65%
1960Cooper
63%
1979Ferrari
63%
1983Ferrari
62%
1982Ferrari
62%
1981Williams
62%
1964Ferrari
61%
1978Lotus
61%
1980Williams
61%
1972Lotus
59%
1973Lotus
58%
1962BRM
57%
1965Lotus
57%
1974McLaren
57%
1967Brabham
56%
1966Brabham
56%
1970Lotus
56%
1968Lotus
54%
1963Lotus
54%
1969Matra
51%
1971Tyrrell
51%

Score Distribution

Percentile by Number Answered

Percent of People with Each Score

Your Score History

You have not taken this quiz since the last reset